Chaîne de mots de 5 lettres #3 - Statistiques

Statistiques générales
  • Ce quiz a été pris 31 450 fois
  • Le résultat moyen est 19 sur 30
Statistiques - réponses
Indice Mot % Correct
Premier jour de la semaine Lundi
100%
Pas froid Chaud
97%
Opposé au paradis Enfer
92%
Elle tombe en flocons Neige
90%
Allure rapide du cheval Galop
88%
Donald, président des États-Unis Trump
88%
La planète bleue Terre
87%
Contraire de petit Grand
86%
Religion de Mahomet Islam
86%
Instrument de Chopin Piano
81%
Jeu, set et … Match
80%
Toile suspendue pour dormir Hamac
78%
Doigt qui pointe Index
78%
Bruit de sonnette Dring
73%
Chambre haute du Parlement français Sénat
65%
Nouilles japonaises Ramen
63%
Ferme des prairies américaines Ranch
63%
Petit, lorsqu'il s'agit de la télévision Écran
62%
Roi du monde souterrain pour les grecs Hadès
61%
Omission, manque Oubli
57%
Métal lourd et facilement malléable Plomb
50%
Monnaie à Tunis Dinar
47%
Petite ville, en milieu rural Bourg
38%
Adversaire, concurrent Rival
34%
Carte maîtresse Atout
28%
C'est du commérage ! Ragot
28%
Monsieur de Madrid Señor
22%
Avant le jurassique Trias
18%
Opposé au zénith Nadir
10%
Langue bantoue d'Afrique du Sud Xhosa
9%
Aucun quiz correspondant
Distribution des résultats
% des personnes avec chaque résultat
Percentile par nombre de réponses
Votre historique - résultats
Vous n’avez pas pris ce quiz